[One Piece] Équipage des Spades - Statistiques

Statistiques générales
  • Ce quiz a été pris 54 fois
  • Le résultat moyen est 7 sur 19
Statistiques - réponses
Par images Réponse % Correct
Portgas D. Ace
100%
Masked Deuce
48%
Skull
48%
Aggie 68
39%
Ganryu
35%
Mihar
35%
Ossamondo
35%
Saber
35%
Wallace
35%
Banra
30%
Cornelia
30%
Dogya
30%
Kimel
30%
Kotatsu
30%
Leonero
30%
Pinnacle
30%
Ducky Bree
26%
Hublot
26%
Kukai
22%
Aucun quiz correspondant
Distribution des résultats
% des personnes avec chaque résultat
Percentile par nombre de réponses
Votre historique - résultats
Vous n’avez pas pris ce quiz